000 00540nam a2200193Ia 4500
005 20250326144950.0
008 250326s9999 xx 000 0 und d
020 _a0-7165-3560-8
037 _aTextbook
040 _aFMSL
_beng
_cFMSL
041 _aeng
_2eng
084 _aX651V P2
_qFMSL
100 _aIngebretsen M
_9750390
245 0 _aNASDAQ: History of the market that changed the world
_cIngebretsen M
260 _aUSA
_bUSA, Forum
_c2002
300 _a334p
942 _cTB
_hX651V P2
999 _c1305830
_d1305830